| 000 | 00672nam a2200229 u 4500 | ||
|---|---|---|---|
| 005 | 20240911064710.0 | ||
| 008 | 190522m1986 mx r 000 0 spa d | ||
| 020 | _a9688404012 | ||
| 035 | _aUPN01000230626 | ||
| 049 | _aCG | ||
| 050 | 4 |
_aLB1033.5 _bP7.4 |
|
| 100 | 1 |
_aPrieto Castillo, Daniel, _d1942- _929583 |
|
| 245 | 1 | 3 |
_aLa fiesta del lenguaje / _cDaniel Prieto Castillo. |
| 260 |
_aMéxico : _bUAM-Xochimilco, _c1986. |
||
| 300 | _a246 p. | ||
| 440 | 0 | _aEnsayos | |
| 650 | 4 |
_aComunicación en la educación _91520 |
|
| 650 | 4 |
_aCOMUNICACION Y CULTURA _911467 |
|
| 650 | 2 |
_aAnálisis de contenido (Comunicación) _9461 |
|
| 905 | _aLibro | ||
| 999 |
_c202721 _d202721 |
||